| 000 | 00402 a2200145 4500 | ||
|---|---|---|---|
| 001 | 12905 | ||
| 082 | _a621.38224KOL | ||
| 090 |
_c9883 _d9883 |
||
| 100 | _aKolundzija,B.M | ||
| 245 | _aElectromagnetic Modeling of composite Metallic and Dielectric Structures | ||
| 260 |
_aLONDON _bArtech House _c2002 |
||
| 300 | _axi, 408 | ||
| 710 | _aDielectric Structures | ||
| 740 | _aDielectric Structures | ||
| 942 |
_aNUST-CAE _k621.38224KOL |
||
| 999 |
_c247978 _d247978 |
||